Countries that border countries that start with A - Statistics

General Stats
  • This quiz has been taken 29 times
    14 since last reset
  • The average score is 34 of 40
Answer Stats
Answer % Correct
Brazil
100%
Chile
100%
Armenia
92%
Azerbaijan
92%
Czechia
92%
France
92%
Georgia
92%
Germany
92%
Hungary
92%
Morocco
92%
Namibia
92%
Pakistan
92%
Russia
92%
Spain
92%
Switzerland
92%
Tunisia
92%
Turkmenistan
92%
Zambia
92%
Bolivia
85%
Libya
85%
Liechtenstein
85%
Slovenia
85%
Tajikistan
85%
Uruguay
85%
China
77%
Iran
77%
Italy
77%
Mali
77%
Montenegro
77%
Niger
77%
North Macedonia
77%
Paraguay
77%
Republic of the Congo
77%
Slovakia
77%
Uzbekistan
77%
Greece
69%
Kosovo
69%
Mauritania
69%
Turkey
69%
DRC
62%
No matching quizzes found
Score Distribution
Percent of People with Each Score
Percentile by Number Answered
Your Score History
You have not taken this quiz since the last reset